[Event "Campeonato del mundo sub-18"]
[Site "Kemer TUR"]
[Date "2009.11.18"]
[Round "7.17"]
[White "Anton, Teodor"]
[Black "Salem, A.R.Saleh"]
[Result "0-1"]
[WhiteElo "2363"]
[BlackElo "2472"]
[PlyCount "34"]
[EventDate "2009.11.11"]
[EventType "swiss"]
[EventRounds "11"]
[EventCountry "ESP"]
[Source "lmi"]
[SourceDate "2009.11.11"]

1. d4 Nf6 2. c4 c5 3. Nf3 cxd4 4. Nxd4 e5 5. Nb5 d5 6. cxd5 Bc5 7. N5c3 O-O 8.
h3 Bf5 9. g4 Be4 10. Nxe4 Nxe4 11. e3 Qh4 12. Qc2 f5 13. Bg2 Na6 14. Nc3 Nb4
15. Qe2 Nd3+ 16. Qxd3 Qxf2+ 17. Kd1 Qxg2 0-1

[Event "Campeonato del mundo sub-18"]
[Site "Kemer TUR"]
[Date "2009.11.18"]
[Round "7.18"]
[White "Poetsch, Hagen"]
[Black "Durarbeyli, Vasif"]
[Result "0-1"]
[WhiteElo "2361"]
[BlackElo "2456"]
[PlyCount "82"]
[EventDate "2009.11.11"]
[EventType "swiss"]
[EventRounds "11"]
[EventCountry "ESP"]
[Source "lmi"]
[SourceDate "2009.11.11"]

1. e4 c5 2. Nf3 d6 3. d4 cxd4 4. Nxd4 Nf6 5. Nc3 Nc6 6. Bg5 e6 7. Qd2 Be7 8.
O-O-O a6 9. f4 Nxd4 10. Qxd4 b5 11. Be2 Bb7 12. Bf3 O-O 13. e5 Bxf3 14. gxf3
dxe5 15. fxe5 Nd5 16. Bxe7 Nxe7 17. Qg4 Qc7 18. f4 Qc4 19. Kb1 Ng6 20. Rdf1
Nxe5 21. Qg2 Ng6 22. Rhg1 Rad8 23. h4 b4 24. Nd1 Qd5 25. Qg4 Qe4 26. h5 Rd2 27.
Ne3 Qxe3 28. hxg6 hxg6 29. Qh4 Qe4 30. Rc1 f6 31. Qg3 Rfd8 32. Qb3 Kf7 33. f5
gxf5 34. Qg3 Qg4 35. Qe3 Qh4 36. Qa7+ R8d7 37. Qxa6 Qf2 38. Rgf1 Qe2 39. Qxe2
Rxe2 40. Rf4 Re4 41. Rf2 g5 0-1

[Event "Campeonato del mundo sub-18"]
[Site "Kemer TUR"]
[Date "2009.11.18"]
[Round "7.19"]
[White "Demuth, Adrien"]
[Black "Janev, Tihomir"]
[Result "0-1"]
[WhiteElo "2387"]
[BlackElo "2335"]
[PlyCount "62"]
[EventDate "2009.11.11"]
[EventType "swiss"]
[EventRounds "11"]
[EventCountry "ESP"]
[Source "lmi"]
[SourceDate "2009.11.11"]

1. d4 Nf6 2. c4 g6 3. Nc3 d5 4. cxd5 Nxd5 5. Bd2 Bg7 6. e4 Nxc3 7. Bxc3 O-O 8.
Rc1 c6 9. h3 Be6 10. Nf3 a5 11. b3 Na6 12. Be2 Qb6 13. O-O Rfd8 14. Qd2 Nc7 15.
d5 cxd5 16. Bxg7 dxe4 17. Qb2 exf3 18. Bxf3 Ne8 19. Bh6 Bd5 20. Rfe1 e6 21. Be3
Qb4 22. Bg5 Rd7 23. Bg4 a4 24. Qe5 axb3 25. axb3 Qd6 26. Qe3 h5 27. Be2 Ng7 28.
Bf6 Nf5 29. Qg5 Kh7 30. Rc3 Rg8 31. Bd3 Qf8 0-1

[Event "Campeonato del mundo sub-18"]
[Site "Kemer TUR"]
[Date "2009.11.18"]
[Round "7.20"]
[White "Kanakaris, Georgios"]
[Black "Klejin Christov, Michael"]
[Result "0-1"]
[WhiteElo "2312"]
[BlackElo "2383"]
[PlyCount "88"]
[EventDate "2009.11.11"]
[EventType "swiss"]
[EventRounds "11"]
[EventCountry "ESP"]
[Source "lmi"]
[SourceDate "2009.11.11"]

1. d4 d5 2. c4 c6 3. Nf3 Nf6 4. Nc3 dxc4 5. a4 Bf5 6. Ne5 Nbd7 7. Nxc4 Qc7 8.
g3 e5 9. dxe5 Nxe5 10. Bf4 Nfd7 11. Bg2 f6 12. O-O O-O-O 13. Nxe5 Nxe5 14. Qb3
Qf7 15. Qxf7 Nxf7 16. Rfc1 Bd6 17. Be3 a5 18. Bb6 Bc7 19. Nd5 Bxb6 20. Nxb6+
Kc7 21. Nc4 Rhe8 22. Nxa5 Rxe2 23. Bxc6 bxc6 24. Nxc6 Rdd2 25. Nd4+ Kb7 26.
Nxe2 Rxe2 27. a5 Ng5 28. g4 Bxg4 29. Ra4 Nh3+ 30. Kg2 Nxf2 31. a6+ Ka8 32. Kg1
Rxb2 33. a7 Nh3+ 34. Kf1 Bd7 35. Re4 Bb5+ 36. Ke1 Nf2 37. Rc8+ Kxa7 38. Re7+
Kb6 39. h4 Nd3+ 40. Kf1 Ne5+ 41. Ke1 Rg2 42. Rb8+ Kc5 43. Rc7+ Kd6 44. Rbb7 Be2
0-1

[Event "Campeonato del mundo sub-18"]
[Site "Kemer TUR"]
[Date "2009.11.18"]
[Round "7.22"]
[White "Yilmazyerli, Mert"]
[Black "Arslanov, Shamil"]
[Result "0-1"]
[WhiteElo "2295"]
[BlackElo "2379"]
[PlyCount "66"]
[EventDate "2009.11.11"]
[EventType "swiss"]
[EventRounds "11"]
[EventCountry "ESP"]
[Source "lmi"]
[SourceDate "2009.11.11"]

1. e4 e6 2. d4 d5 3. Nd2 Nf6 4. e5 Nfd7 5. Bd3 c5 6. c3 Nc6 7. Ne2 cxd4 8. cxd4
f6 9. Nf4 Nxd4 10. Qh5+ Ke7 11. exf6+ Nxf6 12. Ng6+ hxg6 13. Qxh8 Kf7 14. O-O
e5 15. Nb3 Nf5 16. Bg5 a5 17. Rfd1 Qb6 18. Bxf6 gxf6 19. Bxf5 Bxf5 20. Rxd5 a4
21. Nc5 Rc8 22. Nxa4 Qb4 23. b3 Bg7 24. Qh7 Rh8 25. Qxh8 Bxh8 26. Rc1 g5 27. h4
Be4 28. Rd7+ Kg6 29. hxg5 fxg5 30. Rc8 Qe1+ 31. Kh2 Qxf2 32. Re8 Kh5 33. Rxh8+
Kg6 0-1

[Event "Campeonato del mundo sub-18"]
[Site "Kemer TUR"]
[Date "2009.11.18"]
[Round "7.24"]
[White "Jorczik, Julian"]
[Black "Kocheev, Aleksandr"]
[Result "1/2-1/2"]
[WhiteElo "2368"]
[BlackElo "2247"]
[PlyCount "91"]
[EventDate "2009.11.11"]
[EventType "swiss"]
[EventRounds "11"]
[EventCountry "ESP"]
[Source "lmi"]
[SourceDate "2009.11.11"]

1. d4 d5 2. c4 dxc4 3. Nf3 Nf6 4. e3 Bg4 5. Bxc4 e6 6. O-O a6 7. Be2 Nc6 8. b3
Bd6 9. Bb2 O-O 10. Nbd2 Qe7 11. Nc4 Rfd8 12. Rc1 Bf5 13. Nxd6 cxd6 14. Ba3 Qc7
15. Qd2 h6 16. Qb2 Rac8 17. Nd2 b5 18. Bf3 d5 19. Bc5 Bg4 20. Bxg4 Nxg4 21. Nf3
Nf6 22. b4 Ne4 23. Nd2 Nxd2 24. Qxd2 Qb7 25. Rc2 Nb8 26. Rfc1 Rc6 27. h3 Nd7
28. Qd3 Rdc8 29. Qb3 Nb6 30. Bxb6 Rxc2 31. Rxc2 Rxc2 32. Qxc2 Qxb6 33. Qc8+ Kh7
34. Qc5 Qb7 35. Kf1 g6 36. Ke2 Kg7 37. Kd3 h5 38. g3 Kg8 39. Kc3 Kg7 40. Kb3
Qd7 41. f3 Qd8 42. f4 Qf6 43. Qd6 Qf5 44. Qe5+ Kh7 45. Qxf5 exf5 46. h4 1/2-1/2

[Event "Campeonato del mundo sub-18"]
[Site "Kemer TUR"]
[Date "2009.11.18"]
[Round "7.25"]
[White "Mazur, Stefan"]
[Black "Aguirre, Manzo Leopoldo"]
[Result "0-1"]
[WhiteElo "2360"]
[BlackElo "2148"]
[PlyCount "74"]
[EventDate "2009.11.11"]
[EventType "swiss"]
[EventRounds "11"]
[EventCountry "ESP"]
[Source "lmi"]
[SourceDate "2009.11.11"]

1. e4 c5 2. Nf3 d6 3. d4 cxd4 4. Nxd4 Nf6 5. Nc3 a6 6. Be3 e5 7. Nb3 Be6 8. f3
Nbd7 9. g4 b5 10. g5 b4 11. Nd5 Nxd5 12. exd5 Bf5 13. Bd3 Bxd3 14. Qxd3 Be7 15.
h4 O-O 16. O-O-O a5 17. Kb1 a4 18. Nd2 Qa5 19. h5 f5 20. gxf6 Nxf6 21. Ne4 Qa6
22. Nxf6+ Rxf6 23. Qe4 Rf7 24. Rdg1 Raf8 25. Bc1 Kh8 26. Rh3 Bf6 27. Rg4 b3 28.
Rh2 bxa2+ 29. Kxa2 Rb7 30. Re2 Rfb8 31. Re3 Qf1 32. Re1 Qb5 33. Qc4 Qa5 34.
Ree4 Rb5 35. Qc6 a3 36. Ra4 axb2 37. Rxa5 b1=Q+ 0-1

[Event "Campeonato del mundo sub-18"]
[Site "Kemer TUR"]
[Date "2009.11.18"]
[Round "7.26"]
[White "Schon, Eugene"]
[Black "Arenas, David"]
[Result "1-0"]
[WhiteElo "2171"]
[BlackElo "2333"]
[PlyCount "75"]
[EventDate "2009.11.11"]
[EventType "swiss"]
[EventRounds "11"]
[EventCountry "ESP"]
[Source "lmi"]
[SourceDate "2009.11.11"]

1. e4 c5 2. Nf3 g6 3. d4 cxd4 4. Nxd4 Nf6 5. Nc3 d6 6. Be3 Bg7 7. f3 O-O 8. Qd2
Nc6 9. Bc4 Bd7 10. Bb3 Rc8 11. O-O-O Ne5 12. Kb1 Re8 13. h4 h5 14. Bh6 Nc4 15.
Bxc4 Rxc4 16. Bxg7 Kxg7 17. g4 hxg4 18. h5 Rh8 19. hxg6 fxg6 20. f4 Rh3 21. e5
Nh5 22. Rxh3 gxh3 23. f5 Qf8 24. e6 Bc6 25. Nxc6 bxc6 26. Rf1 Qf6 27. Qh2 Rh4
28. Nd1 Qe5 29. Qf2 Rf4 30. Qg1 Qxf5 31. Re1 Rf2 32. Qxf2 Nf4 33. Ne3 Qg5 34.
Rf1 Nxe6 35. Qf7+ Kh6 36. Qxe7 Qg3 37. Rh1 h2 38. Nf5+ 1-0

[Event "Campeonato del mundo sub-18"]
[Site "Kemer TUR"]
[Date "2009.11.18"]
[Round "7.27"]
[White "Larmuseau, Maarten"]
[Black "Pourramezanali, Amirreza"]
[Result "1-0"]
[WhiteElo "2160"]
[BlackElo "2321"]
[PlyCount "99"]
[EventDate "2009.11.11"]
[EventType "swiss"]
[EventRounds "11"]
[EventCountry "ESP"]
[Source "lmi"]
[SourceDate "2009.11.11"]

1. e4 e6 2. Nf3 d5 3. Nc3 Nf6 4. e5 Nfd7 5. d4 c5 6. dxc5 Nc6 7. Bf4 Bxc5 8.
Bd3 Be7 9. h4 Nc5 10. Qe2 Nxd3+ 11. cxd3 Bd7 12. h5 h6 13. Rh3 Qa5 14. Kf1
O-O-O 15. Rg3 Rdg8 16. Bd2 Qa6 17. Rg4 g5 18. Ra4 Qb6 19. Be3 Bc5 20. Bxc5 Qxc5
21. d4 Qb6 22. g4 a6 23. Rd1 Rf8 24. Ra3 f5 25. Na4 Qb4 26. gxf5 Rxf5 27. Nc5
Qc4 28. Qxc4 dxc4 29. Ne4 Rf4 30. Re3 Nb4 31. Nf6 Bc6 32. Ng1 Nd3 33. Rd2 Rd8
34. d5 Bxd5 35. Nh3 Rf5 36. Ng4 Bf3 37. Nxh6 Rff8 38. Nxg5 Bd5 39. Ne4 Nxe5 40.
Ng5 Bg2+ 41. Kxg2 Rxd2 42. Rxe5 Rfxf2+ 43. Kg3 Rg2+ 44. Kf4 Kd7 45. Ng4 Rxb2
46. h6 Rb1 47. Nf6+ Kc6 48. Rxe6+ Kb5 49. Re7 Rh1 50. h7 1-0

[Event "Campeonato del mundo sub-18"]
[Site "Kemer TUR"]
[Date "2009.11.18"]
[Round "7.28"]
[White "Ulkhanov, Azamat"]
[Black "Vastrukhin, Oleg"]
[Result "1/2-1/2"]
[WhiteElo "2068"]
[BlackElo "2312"]
[PlyCount "35"]
[EventDate "2009.11.11"]
[EventType "swiss"]
[EventRounds "11"]
[EventCountry "ESP"]
[Source "lmi"]
[SourceDate "2009.11.11"]

1. e4 e6 2. d4 d5 3. e5 c5 4. c3 Qb6 5. Nf3 Bd7 6. a3 Nc6 7. b4 c4 8. a4 f5 9.
g3 O-O-O 10. a5 Qc7 11. a6 b5 12. Ng5 Nh6 13. Bg2 Be7 14. h4 Rhg8 15. Bf4 Qb6
16. Na3 Nb8 17. Nc2 Rdf8 18. Ne3 1/2-1/2

[Event "Campeonato del mundo sub-18"]
[Site "Kemer TUR"]
[Date "2009.11.18"]
[Round "7.30"]
[White "Melnichuk, Mikhail"]
[Black "Kaminski, Victor"]
[Result "1/2-1/2"]
[WhiteElo "2312"]
[BlackElo "2235"]
[PlyCount "196"]
[EventDate "2009.11.11"]
[EventType "swiss"]
[EventRounds "11"]
[EventCountry "ESP"]
[Source "lmi"]
[SourceDate "2009.11.11"]

1. Nf3 Nf6 2. c4 c5 3. Nc3 Nc6 4. d4 cxd4 5. Nxd4 g6 6. e4 Bg7 7. Be3 Ng4 8.
Qxg4 Nxd4 9. Qd1 Ne6 10. Qd2 Qa5 11. Rc1 b6 12. Qd5 Rb8 13. Qxa5 bxa5 14. b3
Bd4 15. Bd2 d6 16. Nb5 Bb6 17. Bd3 Bb7 18. f3 Bc6 19. Nc3 Nc5 20. Ke2 Ne6 21.
Rhd1 Nd4+ 22. Ke1 f5 23. Nd5 Bxd5 24. exd5 e5 25. dxe6 Ke7 26. Bc3 Rhe8 27. Kf1
Nxe6 28. Be2 Rbc8 29. Rc2 Rcd8 30. g3 Nc5 31. Rcd2 f4 32. Kg2 Kf7 33. Bf1 Re6
34. gxf4 Bc7 35. Rd5 Rde8 36. f5 Re3 37. Bd4 Re1 38. Rxe1 Rxe1 39. Kf2 Re8 40.
fxg6+ hxg6 41. Bh3 Nd3+ 42. Kg3 Nb4 43. Rb5 d5+ 44. Kg4 dxc4 45. Bf1 Nd3 46.
bxc4 Ne5+ 47. Bxe5 Bxe5 48. h4 Bd4 49. Rd5 Re1 50. Rxd4 Rxf1 51. Rd7+ Kf6 52.
Rxa7 Rc1 53. Ra6+ Kg7 54. Rxa5 Rxc4+ 55. Kg3 Kf6 56. a4 Rb4 57. Ra8 Rb1 58.
Rf8+ Kg7 59. Rf4 Rb2 60. Rc4 Kf6 61. Kf4 Ra2 62. Ke4 Ra3 63. f4 Ke6 64. Rb4 Rh3
65. Rb6+ Kf7 66. Rb7+ Kf6 67. Rb6+ Kf7 68. Ke5 Rxh4 69. Rb7+ Kf8 70. Ra7 Rh5+
71. Ke4 Rc5 72. Rd7 Ra5 73. Rd4 Ke7 74. Kd3 g5 75. fxg5 Rxg5 76. Kc4 Rg1 77. a5
Rc1+ 78. Kb5 Rb1+ 79. Kc6 Rc1+ 80. Kb6 Rb1+ 81. Ka7 Rb2 82. a6 Rb1 83. Ka8 Ra1
84. Ka7 Rb1 85. Rd5 Rb2 86. Ka8 Rb6 87. Ka7 Rb2 88. Rh5 Kd7 89. Rh7+ Kc6 90.
Rb7 Rh2 91. Ka8 Ra2 92. a7 Rh2 93. Rb3 Rh8+ 94. Rb8 Rh2 95. Rc8+ Kd7 96. Rg8
Kc7 97. Rg7+ Kc8 98. Rg5 Rc2 1/2-1/2

[Event "Campeonato del mundo sub-18"]
[Site "Kemer TUR"]
[Date "2009.11.18"]
[Round "7.32"]
[White "Ollier, Pablo"]
[Black "Hanninger, Simon"]
[Result "1-0"]
[WhiteElo "2259"]
[BlackElo "2171"]
[PlyCount "99"]
[EventDate "2009.11.11"]
[EventType "swiss"]
[EventRounds "11"]
[EventCountry "ESP"]
[Source "lmi"]
[SourceDate "2009.11.11"]

1. d4 c5 2. d5 Nf6 3. Nc3 e6 4. g3 Nxd5 5. Nxd5 exd5 6. Qxd5 d6 7. Bg2 Nc6 8.
c3 Be6 9. Qd1 d5 10. Nh3 Bd6 11. Ng5 Be7 12. Nxe6 fxe6 13. O-O O-O 14. e4 d4
15. Qb3 Qd7 16. Bh3 Kf7 17. f4 dxc3 18. bxc3 Na5 19. Qc2 c4 20. Be3 Qd3 21.
Qxd3 cxd3 22. Rfd1 Rfd8 23. Bf1 Rac8 24. Bxa7 Rxc3 25. Bb6 Bc5+ 26. Bxc5 Rxc5
27. Rxd3 Rxd3 28. Bxd3 Rc3 29. Bb5 Re3 30. e5 g5 31. Rd1 gxf4 32. gxf4 Rf3 33.
Rd4 Ke7 34. Kg2 Ra3 35. Rd7+ Kf8 36. Rxh7 Rxa2+ 37. Kg3 Rb2 38. Bd7 Rb6 39. Bc8
Nc6 40. Bxb7 Ne7 41. Be4 Rb4 42. Kf3 Ra4 43. Rh6 Ra6 44. h4 Kg7 45. Rh7+ Kf8
46. Rh8+ Kg7 47. Rh7+ Kf8 48. h5 Ra1 49. Rh6 Kf7 50. Rf6+ 1-0

[Event "Campeonato del mundo sub-18"]
[Site "Kemer TUR"]
[Date "2009.11.18"]
[Round "7.34"]
[White "Poleshchuk, Dmitriy"]
[Black "Inonu, Munci MuhsÝn"]
[Result "0-1"]
[WhiteElo "2234"]
[BlackElo "2002"]
[PlyCount "84"]
[EventDate "2009.11.11"]
[EventType "swiss"]
[EventRounds "11"]
[EventCountry "ESP"]
[Source "lmi"]
[SourceDate "2009.11.11"]

1. e4 e5 2. Nf3 Nc6 3. Nc3 Nf6 4. d4 exd4 5. Nd5 Bc5 6. Bc4 O-O 7. O-O h6 8.
Re1 d6 9. h3 Re8 10. Nd2 Be6 11. a3 Ne5 12. Bb3 Nxd5 13. Bxd5 Qh4 14. Nf1 c6
15. Bxe6 fxe6 16. b4 Bb6 17. f3 Rf8 18. Kh1 Rf7 19. Qe2 Raf8 20. Nh2 d3 21.
cxd3 Nxd3 22. Be3 Nxe1 23. Rxe1 Bxe3 24. Qxe3 d5 25. e5 b6 26. Ng4 Rc8 27. Rf1
c5 28. b5 h5 29. Nh2 Qf4 30. Qe1 c4 31. g3 Qd4 32. f4 Qe4+ 33. Nf3 c3 34. Qc1
h4 35. Kg2 hxg3 36. Kxg3 c2 37. Ng5 Rc3+ 38. Kh4 Qg2 39. f5 Qxf1 40. Qxf1 c1=Q
41. Qxc1 Rxc1 42. fxe6 Re7 0-1

[Event "Campeonato del mundo sub-18"]
[Site "Kemer TUR"]
[Date "2009.11.18"]
[Round "7.36"]
[White "Plaskan, Jure"]
[Black "Tasdelen, Deniz Murat"]
[Result "1-0"]
[WhiteElo "2197"]
[BlackElo "2058"]
[PlyCount "61"]
[EventDate "2009.11.11"]
[EventType "swiss"]
[EventRounds "11"]
[EventCountry "ESP"]
[Source "lmi"]
[SourceDate "2009.11.11"]

1. e4 c5 2. Nf3 d6 3. d4 cxd4 4. Nxd4 Nf6 5. f3 e5 6. Bb5+ Nbd7 7. Nf5 d5 8.
exd5 a6 9. Ba4 b5 10. Bb3 Nc5 11. Ne3 Nxb3 12. axb3 Bc5 13. Nc3 Bb7 14. Qd3
Bxe3 15. Bxe3 Nxd5 16. O-O-O Nc7 17. Qf5 Qe7 18. f4 e4 19. Bc5 Qe6 20. Qg5 Qf6
21. Qxf6 gxf6 22. f5 Rd8 23. Bb6 Rd7 24. Rhe1 Re7 25. Bd4 b4 26. Bxf6 bxc3 27.
Bxh8 cxb2+ 28. Kxb2 Nd5 29. Rd4 Nf4 30. Bf6 Nxg2 31. Red1 1-0

[Event "Campeonato del mundo sub-18"]
[Site "Kemer TUR"]
[Date "2009.11.18"]
[Round "7.38"]
[White "Janev, Pavel"]
[Black "Akdag, Dara"]
[Result "1-0"]
[WhiteElo "1990"]
[BlackElo "2189"]
[PlyCount "103"]
[EventDate "2009.11.11"]
[EventType "swiss"]
[EventRounds "11"]
[EventCountry "ESP"]
[Source "lmi"]
[SourceDate "2009.11.11"]

1. e4 c5 2. Nf3 d6 3. d4 cxd4 4. Nxd4 Nf6 5. Nc3 a6 6. Be3 e6 7. Qd2 b5 8. f3
Bb7 9. g4 Nfd7 10. O-O-O Nb6 11. Bd3 N8d7 12. Kb1 Rc8 13. a3 Ne5 14. Rhe1 Nbc4
15. Bxc4 Nxc4 16. Qd3 Be7 17. Bc1 Qc7 18. Nce2 Qa5 19. c3 O-O 20. f4 d5 21. e5
Qb6 22. Be3 Nxe3 23. Qxe3 a5 24. b4 axb4 25. axb4 Rc4 26. Rd3 Qa6 27. Qd2 Ra8
28. Qb2 Bc6 29. h4 Be8 30. h5 Qa4 31. Nc1 Rc7 32. Ncb3 Rca7 33. Re2 Qa6 34. Rg2
Qc8 35. Rgg3 f6 36. exf6 Bxf6 37. Rgf3 Ra6 38. Nc5 R6a7 39. Rfe3 e5 40. fxe5
Bg5 41. e6 Bxe3 42. Rxe3 Qc7 43. Ncb3 Qf4 44. Qe2 Ra2 45. Rf3 Qg5 46. Qf1 Bg6+
47. hxg6 Qxg6+ 48. Qd3 Qxg4 49. Qf5 Qxf5+ 50. Rxf5 Rg2 51. e7 Re8 52. Ne6 1-0

[Event "Campeonato del mundo sub-18"]
[Site "Kemer TUR"]
[Date "2009.11.18"]
[Round "7.39"]
[White "Margarido, Ricardo Emanuel Tor"]
[Black "Mocanu, Sergiu"]
[Result "1-0"]
[WhiteElo "1966"]
[BlackElo "2169"]
[PlyCount "57"]
[EventDate "2009.11.11"]
[EventType "swiss"]
[EventRounds "11"]
[EventCountry "ESP"]
[Source "lmi"]
[SourceDate "2009.11.11"]

1. d4 Nf6 2. Nf3 g6 3. c4 Bg7 4. g3 O-O 5. Bg2 d6 6. O-O Nbd7 7. Qc2 e5 8. Rd1
Re8 9. Nc3 c6 10. h3 Qc7 11. Be3 Nb6 12. b3 Bf5 13. Qb2 a5 14. Nh4 Bc8 15. dxe5
dxe5 16. Bc5 Be6 17. Bd6 Qc8 18. Bxe5 Bxh3 19. Bd4 c5 20. Bxh3 Qxh3 21. Bxc5
Nbd7 22. Bd4 Ng4 23. Nf3 Nde5 24. Ne4 h6 25. Rac1 Rad8 26. Bxe5 Rxd1+ 27. Rxd1
Rxe5 28. Rd8+ Kh7 29. Qxe5 1-0

[Event "Campeonato del mundo sub-18"]
[Site "Kemer TUR"]
[Date "2009.11.18"]
[Round "7.41"]
[White "Tiraturyan, David"]
[Black "Norri, Roger"]
[Result "1-0"]
[WhiteElo "2158"]
[BlackElo "1896"]
[PlyCount "69"]
[EventDate "2009.11.11"]
[EventType "swiss"]
[EventRounds "11"]
[EventCountry "ESP"]
[Source "lmi"]
[SourceDate "2009.11.11"]

1. e4 e5 2. Nf3 Nc6 3. d4 exd4 4. Nxd4 Nf6 5. Nc3 Bb4 6. Nxc6 Bxc3+ 7. bxc3
bxc6 8. Bd3 O-O 9. O-O d5 10. e5 Nd7 11. Qh5 g6 12. Qe2 Re8 13. f4 f6 14. c4
fxe5 15. cxd5 cxd5 16. Bb2 e4 17. Bc4 c6 18. Kh1 Rb8 19. Bb3 Nc5 20. Qe3 Nxb3
21. axb3 Rb7 22. Qd4 Qe7 23. c4 Rd8 24. Qh8+ Kf7 25. Qxh7+ Kf8 26. Qh6+ Ke8 27.
Qxg6+ Qf7 28. Qxc6+ Qd7 29. Qh6 Qh7 30. Qg5 dxc4 31. bxc4 Qf5 32. Qg8+ Qf8 33.
Qg6+ Kd7 34. Rfd1+ Kc7 35. Be5+ 1-0

[Event "Campeonato del mundo sub-18"]
[Site "Kemer TUR"]
[Date "2009.11.18"]
[Round "7.42"]
[White "Hesham, Abdelrahman"]
[Black "Yilmaz, Baler"]
[Result "1-0"]
[WhiteElo "2155"]
[BlackElo "1847"]
[PlyCount "61"]
[EventDate "2009.11.11"]
[EventType "swiss"]
[EventRounds "11"]
[EventCountry "ESP"]
[Source "lmi"]
[SourceDate "2009.11.11"]

1. d4 d5 2. Nf3 Nf6 3. e3 c5 4. c3 Nc6 5. dxc5 a5 6. Bb5 e6 7. b4 Be7 8. O-O
O-O 9. Qb3 Bd7 10. Nbd2 Qc7 11. Bb2 e5 12. Be2 e4 13. Nd4 Qe5 14. Rfe1 Qg5 15.
Nxc6 bxc6 16. a3 Ng4 17. c4 Rfb8 18. cxd5 cxd5 19. Bd4 Bd8 20. f4 exf3 21. Nxf3
Qh6 22. h3 Nf6 23. Be5 Be6 24. Bf4 Qg6 25. Ne5 Qf5 26. g4 Nxg4 27. hxg4 Qf6 28.
g5 Qf5 29. Bg4 Qe4 30. Bxe6 fxe6 31. Qd3 1-0

[Event "Campeonato del mundo sub-18"]
[Site "Kemer TUR"]
[Date "2009.11.18"]
[Round "7.43"]
[White "Me, Kevin"]
[Black "Eiti, Bashir"]
[Result "1/2-1/2"]
[WhiteElo "2119"]
[BlackElo "1813"]
[PlyCount "51"]
[EventDate "2009.11.11"]
[EventType "swiss"]
[EventRounds "11"]
[EventCountry "ESP"]
[Source "lmi"]
[SourceDate "2009.11.11"]

1. d4 d5 2. c4 c6 3. e3 Nf6 4. Nf3 e6 5. Bd3 Nbd7 6. b3 Bd6 7. Bb2 O-O 8. O-O
b6 9. Nbd2 Bb7 10. Ne5 Qc7 11. f4 c5 12. cxd5 Nxd5 13. Qh5 N7f6 14. Qh3 cxd4
15. exd4 Rfd8 16. Rac1 Qe7 17. Ne4 Nxe4 18. Bxe4 Nf6 19. Bd3 h6 20. f5 exf5 21.
Qxf5 Re8 22. Ng4 Ne4 23. Rce1 Qe6 24. Bxe4 Bxe4 25. Rxe4 Qxe4 26. Nxh6+ 1/2-1/2

[Event "Campeonato del mundo sub-18"]
[Site "Kemer TUR"]
[Date "2009.11.18"]
[Round "7.47"]
[White "Hapuarachchi, H L M."]
[Black "Santos, Hugo Lima"]
[Result "1-0"]
[WhiteElo "2019"]
[BlackElo "2041"]
[PlyCount "115"]
[EventDate "2009.11.11"]
[EventType "swiss"]
[EventRounds "11"]
[EventCountry "ESP"]
[Source "lmi"]
[SourceDate "2009.11.11"]

1. e4 c6 2. d4 d5 3. exd5 cxd5 4. Bd3 Nc6 5. c3 Nf6 6. h3 g6 7. Nf3 Bf5 8. Qc2
Bxd3 9. Qxd3 Qc7 10. O-O Bg7 11. Re1 e6 12. Nbd2 O-O 13. Nf1 a6 14. Ng3 b5 15.
Bd2 Nd7 16. Rad1 Rfe8 17. Ne2 Rac8 18. Bf4 Qb7 19. Nc1 b4 20. cxb4 Nxb4 21. Qb3
Qb6 22. Re2 a5 23. Nd3 Nxd3 24. Rxd3 Qa6 25. Qd1 Rc4 26. b3 Rc6 27. Rdd2 Rec8
28. Rc2 Qb5 29. Rxc6 Qxc6 30. Qd3 Qc3 31. Qb5 Nf6 32. Bd2 Qa1+ 33. Kh2 Ne4 34.
Bxa5 Rc1 35. Re1 Rxe1 36. Bxe1 Bxd4 37. Qb8+ Kg7 38. Nxd4 Qxe1 39. Qe5+ Kg8 40.
f3 Qb1 41. fxe4 dxe4 42. a4 h5 43. a5 Qa1 44. b4 Qa4 45. Qxe4 Qxb4 46. Qe5 Qb1
47. Nb5 Kh7 48. Nc7 f6 49. Qd6 e5 50. Nd5 Qb3 51. Nxf6+ Kg7 52. Qxe5 h4 53.
Ng4+ Kg8 54. Qd6 g5 55. a6 Qa2 56. Qb8+ Kg7 57. a7 Qa6 58. a8=Q 1-0

[Event "Campeonato del mundo sub-18"]
[Site "Kemer TUR"]
[Date "2009.11.18"]
[Round "7.48"]
[White "Woods, Connor"]
[Black "Sartori, C Sergio M"]
[Result "1/2-1/2"]
[WhiteElo "1996"]
[BlackElo "2021"]
[PlyCount "70"]
[EventDate "2009.11.11"]
[EventType "swiss"]
[EventRounds "11"]
[EventCountry "ESP"]
[Source "lmi"]
[SourceDate "2009.11.11"]

1. Nf3 d6 2. c4 g6 3. g3 Bg7 4. Bg2 Nf6 5. O-O O-O 6. Nc3 e5 7. d3 Nh5 8. Rb1
f5 9. Bg5 Qe8 10. Bd2 h6 11. e3 g5 12. Ne1 f4 13. exf4 gxf4 14. Nb5 Na6 15. Bf3
fxg3 16. Bxh5 gxh2+ 17. Kh1 Qd7 18. Bf3 Nc5 19. Bg2 Ne6 20. Nf3 b6 21. Nxh2 c6
22. Nc3 Nd4 23. Be3 Nf5 24. Ne2 Nh4 25. Ng3 Nxg2 26. Kxg2 Qh3+ 27. Kg1 e4 28.
Qh5 exd3 29. Qxh3 Bxh3 30. Rfd1 Be5 31. Nhf1 h5 32. Bg5 Rf3 33. Rd2 Raf8 34.
Re1 h4 35. Bxh4 R8f4 1/2-1/2

[Event "Campeonato del mundo sub-18"]
[Site "Kemer TUR"]
[Date "2009.11.18"]
[Round "7.49"]
[White "Kin, Kurt"]
[Black "Celis, Joel Chang"]
[Result "0-1"]
[WhiteElo "1839"]
[BlackElo "1698"]
[PlyCount "106"]
[EventDate "2009.11.11"]
[EventType "swiss"]
[EventRounds "11"]
[EventCountry "ESP"]
[Source "lmi"]
[SourceDate "2009.11.11"]

1. e4 c5 2. Nf3 Nc6 3. d4 cxd4 4. Nxd4 g6 5. f4 Bg7 6. c3 d6 7. Be3 Nf6 8. Nxc6
bxc6 9. Bd3 Ng4 10. Bg1 e5 11. Qf3 exf4 12. Qxf4 O-O 13. h3 Be5 14. Qf3 Qh4+
15. Kd1 f5 16. Bc4+ Kg7 17. g3 Qg5 18. hxg4 fxe4 19. Qe3 Qxg4+ 20. Be2 Qxg3 21.
Qh6+ Kf7 22. Bh2 Qg2 23. Rf1+ Bf5 24. Bg1 Kg8 25. Qh4 Bg4 26. Rxf8+ Rxf8 27.
Qxg4 Rf1+ 28. Kd2 Qxg4 29. Bxg4 Rxg1 30. Bd7 Bf4+ 31. Ke2 c5 32. Bc6 e3 33. Be4
g5 34. a4 g4 35. Ra3 g3 36. Rb3 Rxb1 37. Rb8+ Kg7 38. Rb7+ Kf6 39. Bg2 Rc1 40.
Kf3 Rc2 41. Kxf4 Rxg2 42. Kxe3 h5 43. Rh7 Kg5 44. b4 cxb4 45. cxb4 Rb2 46. Kf3
Kh4 47. b5 a6 48. bxa6 Ra2 49. Rd7 Rxa4 50. Rxd6 Kh3 51. Rh6 h4 52. Ke2 g2 53.
Rg6 Kh2 0-1

[Event "Campeonato del mundo sub-18"]
[Site "Kemer TUR"]
[Date "2009.11.19"]
[Round "8.1"]
[White "Salgado Lopez, Ivan"]
[Black "Piorun, Kacper"]
[Result "1/2-1/2"]
[WhiteElo "2562"]
[BlackElo "2475"]
[PlyCount "114"]
[EventDate "2009.11.11"]
[EventType "swiss"]
[EventRounds "11"]
[EventCountry "ESP"]
[Source "lmi"]
[SourceDate "2009.11.11"]

1. c4 Nf6 2. Nf3 g6 3. Nc3 Bg7 4. g3 O-O 5. Bg2 Nc6 6. O-O d6 7. d3 e5 8. Rb1
a5 9. a3 Nd4 10. Bg5 Ne6 11. Bxf6 Bxf6 12. b4 axb4 13. axb4 Bg7 14. b5 f5 15.
Nd5 Nc5 16. Nd2 Bd7 17. Qc2 c6 18. bxc6 bxc6 19. Nb6 Ra6 20. Nxd7 Qxd7 21. Nb3
Ne6 22. c5 d5 23. e4 Rfa8 24. Rfc1 Ra2 25. Rb2 Rxb2 26. Qxb2 dxe4 27. dxe4 Ng5
28. Qd2 Qxd2 29. Nxd2 Ra2 30. Rd1 Rc2 31. exf5 gxf5 32. Nb3 e4 33. h4 Nf7 34.
Bh3 Rc3 35. Na5 Rxc5 36. Nb7 Re5 37. Rd7 Bf8 38. Rc7 c5 39. Na5 Nd6 40. Bf1 e3
41. fxe3 Rxe3 42. Rxc5 Rxg3+ 43. Kh2 Rg4 44. Nc4 Rxh4+ 45. Kg2 Rg4+ 46. Kf3 Rg1
47. Bd3 Rc1 48. Rc6 Rc3 49. Ne5 Ra3 50. Ra6 Rb3 51. Ke2 Rb2+ 52. Kf3 Rb3 53.
Ke2 Rb4 54. Kf3 Rd4 55. Bc2 Ne4 56. Bxe4 Rxe4 57. Nd3 Re7 1/2-1/2